QWERTY Displaced Keys Quiz Stats

 Plays Quiz Updated Jul 24, 2015

Challenge
Share
Tweet
Embed
Score 0/24 Timer 04:00
0 Plays Today
'Word' Intended word % Correct
MPENOW
99.5%
DIMSUN
95.4%
EJPWHO
93.2%
FSEMDAWN
90.9%
JRTPHERO
88.9%
YTRRTREE
88.2%
RSTYJEARTH
86.6%
JPIDRHOUSE
85.3%
TOBRTRIVER
84.7%
NSMSMSBANANA
84.3%
PCUHRMOXYGEN
83.3%
XPFOSVZODIAC
83%
'Word' Intended word % Correct
VPIMYTUCOUNTRY
81.5%
ERFFOMHWEDDING
80.4%
YIRDFSUTUESDAY
79.3%
FRVODOPMDECISION
77.3%
LSMHSTPPKANGAROO
75.6%
MRNTSDLSNEBRASKA
72.7%
FSMHRTPIDDANGEROUS
69.8%
JODYPTOSMHISTORIAN
62.4%
WIPYSYOPMQUOTATION
57.7%
VPMDVORMVRCONSCIENCE
49.7%
TRHTRDDOBRREGRESSIVE
42.7%
LUTHUXDYSMKYRGYZSTAN
39%

You're not logged in!

Compare scores with friends on all Sporcle quizzes.
OR
Log In

You Might Also Like...

Show Comments

Extras

Top Quizzes Today


Score Distribution

Your Account Isn't Verified!

In order to create a playlist on Sporcle, you need to verify the email address you used during registration. Go to your Sporcle Settings to finish the process.

Report this User

Report this user for behavior that violates our Community Guidelines.

Details: